[Event "XXXII Festival Conca della Presolana Magistrale"]
[Site "Bratto - Castione della Presolana ITA"]
[Date "2012.08.25"]
[Round "8"]
[White "Ricci, Marco"]
[Black "Castaldo, Folco"]
[WhiteElo "2089"]
[BlackElo "2432"]
[Result "1/2-1/2"]
[PlyCount "80"]
[EventDate "2012.08.18"]

1. e4 c5 2. Nf3 Nc6 3. d4 cxd4 4. Nxd4 g6 5. c4 Bg7 6. Be3 Nf6 7. Nc3 O-O 8.
Be2 d6 9. O-O Bd7 10. Rc1 Nxd4 11. Bxd4 Bc6 12. Qd3 a5 13. f4 Nd7 14. Bxg7 Kxg7
15. Qd4+ f6 16. Bg4 Qb6 17. Qxb6 Nxb6 18. Nd5 Bxd5 19. cxd5 f5 20. Bf3 fxe4 21.
Bxe4 Rac8 22. g3 Na4 23. Rfe1 Rxc1 24. Rxc1 Nxb2 25. Rc7 Kf6 26. Rxb7 Na4 27.
Ra7 Nc5 28. Bc2 Rb8 29. g4 Rb2 30. g5+ Kf7 31. Bb3 Nd3 32. Rxa5 Nxf4 33. h4 Nd3
34. Ba4 Ne5 35. Kf1 Kg7 36. Be8 Nf3 37. Ra7 Kf8 38. Ra8 Kg7 39. Ra7 Kf8 40. Ra8
Kg7 1/2-1/2

[Event "XXXII Festival Conca della Presolana Magistrale"]
[Site "Bratto - Castione della Presolana ITA"]
[Date "2012.08.25"]
[Round "8"]
[White "Roy Chowdhury, Saptarshi"]
[Black "Llaneza Vega, Patricia"]
[WhiteElo "2391"]
[BlackElo "2238"]
[Result "1-0"]
[PlyCount "89"]
[EventDate "2012.08.18"]

1. e4 c5 2. Nf3 Nc6 3. Nc3 Nf6 4. Bb5 Qc7 5. d3 d6 6. h3 Bd7 7. O-O e6 8. Ne2
Be7 9. Ng3 O-O 10. c3 Ne5 11. Bxd7 Nxf3+ 12. Qxf3 Qxd7 13. Qe2 d5 14. e5 Ne8
15. Re1 Rc8 16. Bf4 Rc6 17. Nh5 f5 18. exf6 Nxf6 19. Nxf6+ Bxf6 20. Qg4 Qf7 21.
Bg3 e5 22. Qa4 a6 23. Qc2 Re6 24. Re2 Rfe8 25. Rae1 R6e7 26. c4 h6 27. Qb3 dxc4
28. dxc4 b5 29. Rc2 e4 30. cxb5 Qxb3 31. axb3 axb5 32. Bd6 Rd7 33. Bxc5 Rd3 34.
b4 Kh7 35. Rce2 Rb3 36. Rxe4 Rxe4 37. Rxe4 Rxb2 38. g3 Rb3 39. Kg2 Rb2 40. Kf3
h5 41. h4 Rb3+ 42. Re3 Rb2 43. Rd3 Rc2 44. Rd7 Rc3+ 45. Kg2 1-0

[Event "XXXII Festival Conca della Presolana Magistrale"]
[Site "Bratto - Castione della Presolana ITA"]
[Date "2012.08.25"]
[Round "8"]
[White "Sharma, Dinesh K."]
[Black "Drazic, Sinisa"]
[WhiteElo "2361"]
[BlackElo "2516"]
[Result "0-1"]
[PlyCount "138"]
[EventDate "2012.08.18"]

1. e4 Nc6 2. Nf3 d6 3. d4 Nf6 4. Nc3 a6 5. h3 g6 6. g3 Bg7 7. Bg2 O-O 8. O-O e5
9. Be3 Bd7 10. Re1 exd4 11. Nxd4 Re8 12. Nxc6 Bxc6 13. Bd4 Nd7 14. Bxg7 Kxg7
15. Qd4+ Qf6 16. Qxf6+ Nxf6 17. Rad1 h5 18. h4 Re7 19. f3 Rae8 20. Kf2 Re5 21.
Re2 a5 22. Red2 Rc5 23. Ne2 d5 24. exd5 Bxd5 25. a3 Bc4 26. Nf4 a4 27. Bf1 Bxf1
28. Rxf1 b5 29. Re1 Rxe1 30. Kxe1 Ne8 31. Nd3 Rf5 32. Kf2 Nd6 33. Re2 Kf6 34.
b3 Rd5 35. bxa4 bxa4 36. Nb2 Rd4 37. c3 Rd5 38. Nxa4 Ra5 39. Nb2 Rxa3 40. Nd1
c6 41. Rc2 Ke6 42. Ne3 Nb5 43. Nd1 Ra1 44. Ne3 Kd6 45. c4 Nd4 46. Rd2 Kc5 47.
g4 Ra3 48. g5 Ra1 49. Kg2 Ra7 50. Kf2 f6 51. f4 Rf7 52. gxf6 Rxf6 53. Kg3 Re6
54. Nc2 Nf5+ 55. Kf2 Re4 56. Ne1 Rxf4+ 57. Kg2 Rg4+ 58. Kf2 Rf4+ 59. Ke2 Re4+
60. Kf2 Nxh4 61. Nd3+ Kxc4 62. Nc1 c5 63. Rc2+ Kd5 64. Ne2 Rg4 65. Nc3+ Kc6 66.
Ne2 Nf5 67. Ra2 Kb5 68. Nc3+ Kc4 69. Ne2 Nd4 0-1

[Event "XXXII Festival Conca della Presolana Magistrale"]
[Site "Bratto - Castione della Presolana ITA"]
[Date "2012.08.25"]
[Round "8"]
[White "Vezzosi, Paolo"]
[Black "Colovic, Aleksandar"]
[WhiteElo "2309"]
[BlackElo "2449"]
[Result "1/2-1/2"]
[PlyCount "90"]
[EventDate "2012.08.18"]

1. d4 Nf6 2. Nf3 d5 3. c4 e6 4. Nc3 c6 5. Bg5 h6 6. Bxf6 Qxf6 7. e3 g6 8. Bd3
Bg7 9. O-O O-O 10. Ne5 Nd7 11. f4 Qe7 12. c5 Nxe5 13. fxe5 b6 14. b4 a5 15. Na4
bxc5 16. bxc5 Ba6 17. Nb6 Bxd3 18. Qxd3 Ra7 19. Rab1 Kh7 20. Rf2 f6 21. exf6
Bxf6 22. Rbf1 Rc7 23. e4 Bg7 24. Rxf8 Bxf8 25. e5 Bg7 26. Qg3 Qe8 27. Qc3 Ra7
28. a4 h5 29. Qh3 Bh6 30. Rf3 Rf7 31. Kf2 Re7 32. Ke2 Kg7 33. g4 hxg4 34. Qxg4
Rf7 35. Rxf7+ Qxf7 36. Qf3 Bf4 37. Nd7 Qf5 38. Kf1 Qb1+ 39. Kg2 Qc2+ 40. Qf2
Qe4+ 41. Kh3 Qd3+ 42. Kg2 Qe4+ 43. Kh3 g5 44. Nf6 Qf5+ 45. Kg2 Kf7 1/2-1/2

[Event "XXXII Festival Conca della Presolana Magistrale"]
[Site "Bratto - Castione della Presolana ITA"]
[Date "2012.08.25"]
[Round "8"]
[White "Viaggi, Stefano"]
[Black "Petrone, Gianmario"]
[WhiteElo "2045"]
[BlackElo "1957"]
[Result "1/2-1/2"]
[PlyCount "42"]
[EventDate "2012.08.18"]

1. d4 Nf6 2. Nf3 g6 3. Bf4 Bg7 4. e3 O-O 5. Be2 d6 6. h3 c5 7. c3 Qb6 8. Qb3
Be6 9. dxc5 dxc5 10. Qxb6 axb6 11. a3 Nd5 12. Be5 Nc6 13. Bxg7 Kxg7 14. Nbd2
Rfd8 15. O-O Rd7 16. Ne4 Nf6 17. Nxf6 Kxf6 18. Rfd1 Rad8 19. Rxd7 Rxd7 20. Rd1
Rxd1+ 21. Bxd1 Ne5 1/2-1/2

[Event "XXXII Festival Conca della Presolana Magistrale"]
[Site "Bratto - Castione della Presolana ITA"]
[Date "2012.08.25"]
[Round "8"]
[White "Welling, Gerard"]
[Black "Das, Arghyadip"]
[WhiteElo "2330"]
[BlackElo "2479"]
[Result "0-1"]
[PlyCount "86"]
[EventDate "2012.08.18"]

1. d4 Nf6 2. Nf3 g6 3. Bf4 Bg7 4. e3 O-O 5. Be2 d6 6. h3 b6 7. O-O Bb7 8. a4 a5
9. Nbd2 Nfd7 10. Bh2 e5 11. dxe5 dxe5 12. Nc4 Nc6 13. e4 Qe7 14. c3 Bh6 15. Qc2
f6 16. Rfe1 Nc5 17. Bf1 Ba6 18. Ne3 Bxe3 19. Rxe3 Bxf1 20. Rxf1 Qe6 21. Ra1
Rfd8 22. Ree1 Rd7 23. Nd2 Rad8 24. Nf1 Kg7 25. f3 Nd3 26. Re2 Nf4 27. Ree1 Qc4
28. Ne3 Qc5 29. Kh1 Rd2 30. Qb3 Ne2 31. Nc4 Qf2 32. Nxd2 Rxd2 33. Rg1 Nxg1 34.
Rxg1 Nd8 35. Qc4 c5 36. Qa6 Rxb2 37. Qa7+ Nf7 38. Qc7 g5 39. Qc8 h5 40. Qe6 h4
41. Qd7 Qc2 42. Qg4 Qxa4 43. Rd1 Qxd1+ 0-1

[Event "XXXII Festival Conca della Presolana Magistrale"]
[Site "Bratto - Castione della Presolana ITA"]
[Date "2012.08.26"]
[Round "9"]
[White "Anuprita, Patil"]
[Black "Cattaneo, Marco"]
[WhiteElo "2123"]
[BlackElo "2025"]
[Result "1/2-1/2"]
[PlyCount "62"]
[EventDate "2012.08.18"]

1. Nf3 Nf6 2. d4 g6 3. c4 Bg7 4. Nc3 O-O 5. g3 d6 6. Bg2 Nc6 7. d5 Na5 8. Qd3
c5 9. Rb1 a6 10. O-O Rb8 11. Re1 b5 12. cxb5 c4 13. Qd1 axb5 14. Nd4 b4 15.
Ncb5 Bd7 16. a4 Qb6 17. h3 Bxb5 18. Nxb5 Nb3 19. e4 Qa5 20. Bf1 Nc5 21. Bxc4
Nfxe4 22. Nd4 b3 23. Nxb3 Qxa4 24. Nxc5 Qxd1 25. Rxd1 Nxc5 26. Re1 Bf6 27. b3
Rb7 28. Ba3 Rd8 29. Re3 Bd4 30. Bxc5 Bxc5 31. Rf3 Kg7 1/2-1/2

[Event "XXXII Festival Conca della Presolana Magistrale"]
[Site "Bratto - Castione della Presolana ITA"]
[Date "2012.08.26"]
[Round "9"]
[White "Bemporad, Filippo"]
[Black "Gerola, Fausto"]
[WhiteElo "2079"]
[BlackElo "2199"]
[Result "1/2-1/2"]
[PlyCount "45"]
[EventDate "2012.08.18"]

1. d4 f5 2. g3 Nf6 3. Bg2 g6 4. Nf3 Bg7 5. O-O O-O 6. c4 d6 7. b3 Nbd7 8. Bb2
h6 9. Nbd2 c6 10. Qc2 d5 11. Ne5 Nxe5 12. dxe5 Ne4 13. Nxe4 dxe4 14. f4 Be6 15.
Rad1 Qc7 16. Bc1 Rad8 17. Be3 c5 18. Rxd8 Rxd8 19. Rd1 b6 20. Rxd8+ Qxd8 21.
Qd2 Qxd2 22. Bxd2 Kf7 23. Kf2 1/2-1/2

[Event "XXXII Festival Conca della Presolana Magistrale"]
[Site "Bratto - Castione della Presolana ITA"]
[Date "2012.08.26"]
[Round "9"]
[White "Burmakin, Vladimir"]
[Black "Drazic, Sinisa"]
[WhiteElo "2608"]
[BlackElo "2516"]
[Result "1/2-1/2"]
[PlyCount "81"]
[EventDate "2012.08.18"]

1. d4 Nf6 2. Nf3 e6 3. g3 b5 4. Bg2 Bb7 5. O-O Be7 6. b3 c5 7. dxc5 Bxc5 8. c4
bxc4 9. bxc4 O-O 10. Ba3 Na6 11. Bxc5 Nxc5 12. Qd4 Qc7 13. Nbd2 Nce4 14. Nxe4
Bxe4 15. Rfd1 Qb7 16. Ne1 Bxg2 17. Nxg2 h6 18. Rab1 Qc6 19. Ne3 Rfb8 20. Rb2
Rxb2 21. Qxb2 Rc8 22. Qb4 h5 23. h4 Ne4 24. Rb1 Qc5 25. Qxc5 Nxc5 26. f3 Kf8
27. Kf2 Ke7 28. Nc2 Na4 29. Rb7 a6 30. Ra7 Rxc4 31. Rxa6 Nc5 32. Ne3 Rc1 33.
Ra7 f6 34. Ra8 d5 35. Ra7+ Kd6 36. Rxg7 d4 37. Ng2 Rc2 38. Kf1 Rxa2 39. Rg6
Ra1+ 40. Kf2 Ra2 41. Kf1 1/2-1/2

[Event "XXXII Festival Conca della Presolana Magistrale"]
[Site "Bratto - Castione della Presolana ITA"]
[Date "2012.08.26"]
[Round "9"]
[White "Cacciola, Alfredo"]
[Black "Radice, Luca"]
[WhiteElo "2114"]
[BlackElo "2029"]
[Result "1-0"]
[PlyCount "69"]
[EventDate "2012.08.18"]

1. e4 e6 2. d4 d5 3. Nd2 c5 4. exd5 Qxd5 5. Ngf3 cxd4 6. Bc4 Qd8 7. O-O Nc6 8.
Nb3 a6 9. Nbxd4 Nxd4 10. Nxd4 Bd6 11. Re1 Ne7 12. Qg4 Qc7 13. Bb3 Bxh2+ 14. Kh1
Be5 15. Bg5 Bxd4 16. Qxd4 O-O 17. Rad1 Nc6 18. Qh4 e5 19. Rd3 Bf5 20. Rc3 Rfe8
21. Bd5 Qd6 22. Rd1 Qg6 23. Rg3 Kh8 24. Be7 Nxe7 25. Rxg6 Nxg6 26. Qg5 Bxc2 27.
Rc1 f6 28. Qe3 Bf5 29. Bxb7 Rab8 30. Be4 Bxe4 31. Qxe4 Rxb2 32. Qc6 Rd8 33.
Qxa6 Rxf2 34. Rc8 Rfd2 35. Qa8 1-0

[Event "XXXII Festival Conca della Presolana Magistrale"]
[Site "Bratto - Castione della Presolana ITA"]
[Date "2012.08.26"]
[Round "9"]
[White "Castaldo, Folco"]
[Black "Pantaleoni, Claudio"]
[WhiteElo "2432"]
[BlackElo "2161"]
[Result "1-0"]
[PlyCount "46"]
[EventDate "2012.08.18"]

1. e4 c5 2. d3 d5 3. Be2 dxe4 4. dxe4 Qxd1+ 5. Bxd1 Bd7 6. Be3 Bc6 7. Nd2 Nd7
8. f3 g6 9. Be2 Bh6 10. Bxh6 Nxh6 11. Nc4 b6 12. Nh3 O-O 13. Nf4 Rfd8 14. O-O-O
Kf8 15. h4 Ng8 16. g4 Rac8 17. g5 h5 18. Rd2 Ke8 19. Rhd1 b5 20. Na5 a6 21. a4
c4 22. Nd5 e6 23. Nb4 Nb8 1-0

[Event "XXXII Festival Conca della Presolana Magistrale"]
[Site "Bratto - Castione della Presolana ITA"]
[Date "2012.08.26"]
[Round "9"]
[White "Cebalo, Miso"]
[Black "Maiorov, Nikita"]
[WhiteElo "2435"]
[BlackElo "2554"]
[Result "0-1"]
[PlyCount "98"]
[EventDate "2012.08.18"]

1. c4 Nf6 2. g3 c6 3. Bg2 d5 4. Nf3 dxc4 5. O-O Nbd7 6. Na3 Nb6 7. Qc2 Be6 8.
Ng5 Bg4 9. Nxc4 Bxe2 10. Ne5 Bh5 11. b3 Nbd7 12. Bb2 Nxe5 13. Bxe5 Bg6 14. Qc3
Qd7 15. Rfe1 Nd5 16. Bxd5 Qxd5 17. Bxg7 Bxg7 18. Qxg7 O-O-O 19. h4 Rhg8 20. Qc3
e6 21. Re2 h6 22. Nh3 Bd3 23. Re3 Bf5 24. Nf4 Qxd2 25. Rae1 Qxc3 26. Rxc3 Rd2
27. a3 Rgd8 28. b4 Rb2 29. Re2 Rxe2 30. Nxe2 Rd2 31. Nf4 Kd7 32. f3 Kd6 33. g4
Bh7 34. Re3 b6 35. h5 c5 36. bxc5+ bxc5 37. Ne2 c4 38. Kf2 f6 39. Ke1 Rd3 40.
Rxd3+ cxd3 41. Nf4 e5 42. Ng6 Bxg6 43. hxg6 Ke7 44. Kd2 Kf8 45. Kxd3 Kg7 46.
Ke4 Kxg6 47. f4 exf4 48. Kxf4 a6 49. a4 a5 0-1

[Event "XXXII Festival Conca della Presolana Magistrale"]
[Site "Bratto - Castione della Presolana ITA"]
[Date "2012.08.26"]
[Round "9"]
[White "Ceccarini, Marco"]
[Black "Brun, Dario"]
[WhiteElo "2058"]
[BlackElo "2262"]
[Result "0-1"]
[PlyCount "35"]
[EventDate "2012.08.18"]

1. e4 e5 2. Bc4 Nf6 3. d4 exd4 4. Nf3 Nc6 5. O-O Bc5 6. e5 d5 7. exf6 dxc4 8.
fxg7 Rg8 9. Re1+ Be6 10. Bg5 Be7 11. Bxe7 Kxe7 12. Re4 d3 13. Nbd2 Qd5 14. Rxc4
Rxg7 15. g3 Rd8 16. cxd3 Kf8 17. Rc3 Bg4 18. h3 {...} 0-1

[Event "XXXII Festival Conca della Presolana Magistrale"]
[Site "Bratto - Castione della Presolana ITA"]
[Date "2012.08.26"]
[Round "9"]
[White "Das, Arghyadip"]
[Black "Arun Prasad, Subramanian"]
[WhiteElo "2479"]
[BlackElo "2531"]
[Result "1-0"]
[PlyCount "85"]
[EventDate "2012.08.18"]

1. e4 c6 2. Nc3 d5 3. d3 e5 4. Nf3 Bg4 5. exd5 cxd5 6. h3 Be6 7. Qe2 f6 8. Nd4
Bf7 9. f4 Qe7 10. fxe5 fxe5 11. Nf3 Nc6 12. Bg5 Nf6 13. O-O-O d4 14. Ne4 Bxa2
15. g4 Bd5 16. Nfd2 Qe6 17. Bg2 Be7 18. Bxf6 gxf6 19. Rhf1 Nb4 20. Nc4 b5 21.
Ncd6+ Kd8 22. g5 Rf8 23. Qg4 Qxg4 24. hxg4 Bxd6 25. gxf6 Rc8 26. Rd2 Kd7 27. g5
Rf7 28. g6 hxg6 29. Bh3+ Kc7 30. Nxd6 Kxd6 31. Bxc8 Nc6 32. Rh2 e4 33. dxe4
Bxe4 34. Rh8 a5 35. Rg8 a4 36. Rg7 Ne5 37. Rf4 Bd5 38. Rxf7 Nxf7 39. Rxd4 Ke5
40. Rb4 Nd6 41. Bd7 g5 42. Bxb5 g4 43. Rxg4 1-0

[Event "XXXII Festival Conca della Presolana Magistrale"]
[Site "Bratto - Castione della Presolana ITA"]
[Date "2012.08.26"]
[Round "9"]
[White "Gagliardi, Christian"]
[Black "Sharma, Dinesh K."]
[WhiteElo "2217"]
[BlackElo "2361"]
[Result "0-1"]
[PlyCount "92"]
[EventDate "2012.08.18"]

1. d4 e6 2. Nf3 Nf6 3. Bf4 b6 4. e3 Bb7 5. Bd3 Be7 6. h3 c5 7. c3 O-O 8. Nbd2
cxd4 9. exd4 d6 10. O-O Nbd7 11. Re1 Re8 12. Bh2 Qc7 13. a4 a6 14. Rc1 Nf8 15.
c4 Rec8 16. b4 Qd8 17. Nb3 N8d7 18. a5 Rab8 19. Qe2 Bf8 20. Rb1 e5 21. dxe5
Bxf3 22. Qxf3 Nxe5 23. Qe2 Nfd7 24. Rec1 Nxd3 25. Qxd3 Ne5 26. Qe2 Nc6 27. axb6
Qxb6 28. Bxd6 Bxd6 29. c5 Bxc5 30. bxc5 Qa7 31. Qc4 h6 32. Ra1 a5 33. Ra4 Qc7
34. Rca1 Rb4 35. Rxb4 axb4 36. Ra4 Rd8 37. Ra1 Qe5 38. Rb1 g6 39. Qc1 h5 40.
Qc4 Kg7 41. Qc2 Rd5 42. Rc1 Rd8 43. Rb1 Qc3 44. Qa2 Rd3 45. Na5 Nd4 46. Qb2
Rd1+ 0-1

[Event "XXXII Festival Conca della Presolana Magistrale"]
[Site "Bratto - Castione della Presolana ITA"]
[Date "2012.09.12"]
[Round "9"]
[White "Gioseffi, Massimiliano"]
[Black "Ranieri, Fabrizio"]
[WhiteElo "2128"]
[BlackElo "2287"]
[Result "1/2-1/2"]
[PlyCount "24"]
[EventDate "2012.08.18"]

1. d4 d5 2. c4 dxc4 3. Nf3 Nf6 4. e3 a6 5. a4 e6 6. Bxc4 c5 7. O-O Nc6 8. Qe2
Be7 9. Rd1 cxd4 10. exd4 O-O 11. Nc3 Nb4 12. Ne5 b6 1/2-1/2

[Event "XXXII Festival Conca della Presolana Magistrale"]
[Site "Bratto - Castione della Presolana ITA"]
[Date "2012.08.26"]
[Round "9"]
[White "Giretti Kanev, Jasen"]
[Black "Welling, Gerard"]
[WhiteElo "2189"]
[BlackElo "2330"]
[Result "0-1"]
[PlyCount "54"]
[EventDate "2012.08.18"]

1. c4 d6 2. d4 e5 3. dxe5 dxe5 4. Qxd8+ Kxd8 5. Nf3 f6 6. e3 Be6 7. Be2 Nd7 8.
O-O c6 9. Bd2 a5 10. Bc3 Kc7 11. Nbd2 Nh6 12. Rac1 Nf7 13. Ne4 Nc5 14. Nxc5
Bxc5 15. Nd2 Bb4 16. Ne4 Nd6 17. Nxd6 Kxd6 18. a3 Bxc3 19. Rxc3 Kc5 20. b3 Rhd8
21. Rb1 Rd2 22. Kf1 Bf5 23. b4+ axb4 24. axb4+ Kb6 25. c5+ Kc7 26. Rd1 Rb2 27.
g4 Raa2 0-1

[Event "XXXII Festival Conca della Presolana Magistrale"]
[Site "Bratto - Castione della Presolana ITA"]
[Date "2012.08.26"]
[Round "9"]
[White "Gonella, Daniele"]
[Black "Casagrande, Fabio"]
[WhiteElo "2157"]
[BlackElo "1981"]
[Result "1-0"]
[PlyCount "91"]
[EventDate "2012.08.18"]

1. e4 e6 2. d4 d5 3. Nc3 Nf6 4. Bd3 c5 5. Nf3 Nc6 6. dxc5 Bxc5 7. exd5 exd5 8.
O-O O-O 9. Bg5 Be6 10. Qd2 Be7 11. Rfe1 Qa5 12. Nb5 Qxd2 13. Bxd2 Rac8 14. Nbd4
Nxd4 15. Nxd4 Ne4 16. Bxe4 dxe4 17. Rxe4 Rfd8 18. Be3 Bf6 19. Nxe6 fxe6 20. c3
Kf7 21. Kf1 a6 22. Ke2 Rd5 23. Rd1 Rcd8 24. Rxd5 exd5 25. Rb4 Rd7 26. Kd3 Be7
27. Rf4+ Ke6 28. Bd4 Bd6 29. Rf3 b5 30. h3 b4 31. cxb4 Bxb4 32. Rg3 g6 33. Re3+
Kd6 34. Rf3 Ke7 35. Re3+ Kd6 36. Re8 Kc6 37. Ra8 Kb5 38. Rb8+ Ka4 39. a3 Bd6
40. Rb6 a5 41. Kc2 Rc7+ 42. Kd3 Bc5 43. Bxc5 Rxc5 44. Rb7 h5 45. h4 Rc4 46. b3+
1-0

[Event "XXXII Festival Conca della Presolana Magistrale"]
[Site "Bratto - Castione della Presolana ITA"]
[Date "2012.08.26"]
[Round "9"]
[White "Janev, Evgeni"]
[Black "Vezzosi, Paolo"]
[WhiteElo "2457"]
[BlackElo "2309"]
[Result "1-0"]
[PlyCount "49"]
[EventDate "2012.08.18"]

1. e4 e6 2. d4 d5 3. Nd2 c5 4. dxc5 Bxc5 5. Nb3 Bb6 6. exd5 exd5 7. Nf3 Nc6 8.
Be2 Nf6 9. O-O h6 10. Nfd4 O-O 11. Be3 Ne5 12. c3 Nc4 13. Bxc4 dxc4 14. Nd2
Bxd4 15. Bxd4 Be6 16. Qf3 b6 17. Rfe1 Nh7 18. Re3 Bd5 19. Qe2 Re8 20. Nxc4 Ng5
21. Rxe8+ Qxe8 22. Ne3 Qe6 23. f4 Ne4 24. f5 Qd7 25. Rd1 1-0

[Event "XXXII Festival Conca della Presolana Magistrale"]
[Site "Bratto - Castione della Presolana ITA"]
[Date "2012.08.26"]
[Round "9"]
[White "Llaneza Vega, Patricia"]
[Black "Ricci, Marco"]
[WhiteElo "2238"]
[BlackElo "2089"]
[Result "1-0"]
[PlyCount "55"]
[EventDate "2012.08.18"]

1. e4 e6 2. d4 d5 3. Nc3 Nf6 4. Bg5 Bb4 5. e5 h6 6. Bh4 g5 7. Bg3 Ne4 8. Nge2
f5 9. exf6 Qxf6 10. a3 Nxg3 11. hxg3 Bd6 12. Nb5 O-O 13. f3 Nc6 14. Nxd6 cxd6
15. Qd2 e5 16. dxe5 dxe5 17. Nc3 e4 18. O-O-O exf3 19. Nxd5 Qd6 20. Bc4 Kg7 21.
gxf3 Rxf3 22. Qh2 Qg6 23. Nc7 Rb8 24. Rd6 Rf6 25. Rxf6 Kxf6 26. Rf1+ Ke7 27.
Rf7+ Kd8 28. Qd2+ 1-0

[Event "XXXII Festival Conca della Presolana Magistrale"]
[Site "Bratto - Castione della Presolana ITA"]
[Date "2012.09.12"]
[Round "9"]
[White "Marguerettaz, Davy"]
[Black "Gentili, Gianguido"]
[WhiteElo "2214"]
[BlackElo "2169"]
[Result "1/2-1/2"]
[PlyCount "51"]
[EventDate "2012.08.18"]

1. d4 Nf6 2. Nf3 e6 3. Bf4 b6 4. e3 Bb7 5. Bd3 Be7 6. Nbd2 O-O 7. c3 c5 8. e4
d5 9. e5 Ne4 10. Qe2 Bg5 11. Nxg5 Nxg5 12. Qh5 h6 13. g4 Ba6 14. Bxa6 Nxa6 15.
h4 Nh7 16. g5 cxd4 17. gxh6 g6 18. Qg4 dxc3 19. bxc3 Nc5 20. Rh3 Kh8 21. Bg5 f6
22. Bxf6+ Nxf6 23. Qxg6 Rg8 24. Qxf6+ Qxf6 25. exf6 Rg6 26. Ke2 1/2-1/2

[Event "XXXII Festival Conca della Presolana Magistrale"]
[Site "Bratto - Castione della Presolana ITA"]
[Date "2012.08.26"]
[Round "9"]
[White "Moncelli, Giorgio"]
[Black "Negro, Roberto"]
[WhiteElo "2070"]
[BlackElo "2117"]
[Result "1/2-1/2"]
[PlyCount "71"]
[EventDate "2012.08.18"]

1. c4 e6 2. Nf3 Nf6 3. g3 d5 4. b3 Be7 5. Bb2 O-O 6. Bg2 c6 7. O-O Nbd7 8. d3
a5 9. cxd5 exd5 10. a3 Re8 11. Nbd2 Bf8 12. Re1 Nc5 13. Bc3 Bg4 14. b4 axb4 15.
axb4 Rxa1 16. Qxa1 Na6 17. Qb2 Nc7 18. Nd4 Ne6 19. N2b3 Nd7 20. h3 Nxd4 21.
Nxd4 Be6 22. b5 c5 23. Nxe6 fxe6 24. Ra1 Qc7 25. e4 d4 26. Bd2 Bd6 27. f4 c4
28. dxc4 Qxc4 29. Bf1 d3 30. e5 Bc5+ 31. Kh2 Qe4 32. Bg2 Qe2 33. Re1 Qh5 34.
Be3 b6 35. Be4 Rd8 36. Qd2 1/2-1/2

[Event "XXXII Festival Conca della Presolana Magistrale"]
[Site "Bratto - Castione della Presolana ITA"]
[Date "2012.08.24"]
[Round "9"]
[White "Montani, Francesco"]
[Black "Reduzzi, Maurizio"]
[WhiteElo "2214"]
[BlackElo "2103"]
[Result "1-0"]
[PlyCount "81"]
[EventDate "2012.08.18"]

1. d4 e6 2. Nf3 d5 3. Bf4 Nf6 4. e3 Be7 5. Bd3 c5 6. Nbd2 Nbd7 7. h3 b6 8. c3
Bb7 9. Qb1 Qc8 10. a4 a5 11. O-O O-O 12. Re1 Rd8 13. Ne5 Nf8 14. Ndf3 N6d7 15.
Qd1 Ng6 16. Bh2 Ndxe5 17. Bxe5 Bc6 18. h4 Nxe5 19. Nxe5 Be8 20. Qb1 f5 21. g4
c4 22. Bc2 g6 23. h5 Bf6 24. f4 Bxe5 25. dxe5 Ra7 26. Kf2 fxg4 27. hxg6 Bxg6
28. Bxg6 hxg6 29. Rg1 Rg7 30. Rxg4 Kf7 31. Qg1 Rh8 32. Qg3 Qc6 33. Rh4 Qe8 34.
Rah1 Rxh4 35. Qxh4 Qe7 36. Qh8 Qf8 37. Kf3 Qxh8 38. Rxh8 Rg8 39. Rxg8 Kxg8 40.
e4 Kf7 41. Ke3 1-0

[Event "XXXII Festival Conca della Presolana Magistrale"]
[Site "Bratto - Castione della Presolana ITA"]
[Date "2012.08.26"]
[Round "9"]
[White "Neelotpal, Das"]
[Black "David, Alberto"]
[WhiteElo "2469"]
[BlackElo "2595"]
[Result "1/2-1/2"]
[PlyCount "33"]
[EventDate "2012.08.18"]

1. d4 Nf6 2. c4 g6 3. Nc3 d5 4. cxd5 Nxd5 5. g3 Bg7 6. Bg2 Nb6 7. Nf3 Nc6 8. e3
O-O 9. O-O Re8 10. Re1 a5 11. Qe2 a4 12. Rd1 Be6 13. Nd2 Ra5 14. Rb1 Qc8 15. b3
axb3 16. Nxb3 Bc4 17. Qd2 1/2-1/2

[Event "XXXII Festival Conca della Presolana Magistrale"]
[Site "Bratto - Castione della Presolana ITA"]
[Date "2012.08.26"]
[Round "9"]
[White "Petrone, Gianmario"]
[Black "Lavorgna, Giovanni"]
[WhiteElo "1957"]
[BlackElo "2091"]
[Result "0-1"]
[PlyCount "72"]
[EventDate "2012.08.18"]

1. e4 c5 2. Nf3 d6 3. d4 cxd4 4. Nxd4 Nf6 5. Nc3 Nc6 6. Bc4 e6 7. Be3 Be7 8.
Qe2 Qc7 9. Rg1 O-O 10. O-O-O a6 11. g4 Nxd4 12. Bxd4 e5 13. Be3 Be6 14. Bb3
Rac8 15. g5 Nd7 16. Nd5 Qd8 17. f4 Nc5 18. Bxc5 Rxc5 19. h4 exf4 20. Rdf1 a5
21. Rxf4 a4 22. Bxa4 Bxd5 23. exd5 Qc7 24. Re4 Bd8 25. Re8 g6 26. Rf1 Rc4 27.
Bb5 Rxh4 28. Rxf8+ Kxf8 29. Qe8+ Kg7 30. Bd7 Bxg5+ 31. Kb1 Rf4 32. Rxf4 Bxf4
33. Qc8 Qb6 34. a3 Be5 35. c3 Qb3 36. Be6 Bxc3 0-1

[Event "XXXII Festival Conca della Presolana Magistrale"]
[Site "Bratto - Castione della Presolana ITA"]
[Date "2012.08.26"]
[Round "9"]
[White "Podini, Francesco"]
[Black "Bonade', Massimo"]
[WhiteElo "2021"]
[BlackElo "2081"]
[Result "0-1"]
[PlyCount "76"]
[EventDate "2012.08.18"]

1. e4 c5 2. Nc3 d6 3. f4 g6 4. Nf3 Bg7 5. Bc4 Nc6 6. d3 e6 7. f5 exf5 8. Bg5
Nge7 9. Nd5 h6 10. Bf6 O-O 11. Qd2 Qd7 12. Bb5 Nxd5 13. Bxg7 Kxg7 14. exd5 Qe7+
15. Kf2 Ne5 16. Rhe1 a6 17. Ba4 b5 18. Bb3 Nxf3 19. gxf3 Qf6 20. c3 Bd7 21. f4
Rfe8 22. Kg3 Rxe1 23. Rxe1 Re8 24. Rxe8 Bxe8 25. Qe3 Bd7 26. h4 Kf8 27. Bd1 a5
28. a3 Qd8 29. b4 axb4 30. axb4 cxb4 31. cxb4 Qf6 32. d4 Qd8 33. Qc1 Qa8 34.
Bf3 Qa2 35. Qc3 Qc4 36. Qxc4 bxc4 37. Be2 Bb5 38. Kf2 c3 0-1

[Event "XXXII Festival Conca della Presolana Magistrale"]
[Site "Bratto - Castione della Presolana ITA"]
[Date "2012.08.26"]
[Round "9"]
[White "Prelati, Maurizio"]
[Black "Giuriato, Sergio"]
[WhiteElo "1991"]
[BlackElo "2003"]
[Result "1/2-1/2"]
[PlyCount "100"]
[EventDate "2012.08.18"]

1. e4 Nc6 2. Nf3 e5 3. Bb5 a6 4. Ba4 Nf6 5. Qe2 b5 6. Bb3 Be7 7. c3 d6 8. O-O
O-O 9. Rd1 Na5 10. Bc2 c5 11. d4 Qc7 12. d5 Bd7 13. b3 Nb7 14. h3 Rfc8 15. Bg5
b4 16. c4 a5 17. a4 Qd8 18. Be3 g6 19. Kh2 Nh5 20. g3 Bf6 21. Nbd2 Qe7 22. Rh1
Rf8 23. Rag1 Rae8 24. Rg2 Nd8 25. Kg1 Bg7 26. Nh4 f6 27. Nf5 gxf5 28. Qxh5 fxe4
29. g4 Qf7 30. Nxe4 Nb7 31. Nxd6 Qxh5 32. gxh5 Nxd6 33. h6 Rf7 34. Bxc5 Nf5 35.
hxg7 Rxg7 36. Rxg7+ Kxg7 37. Kh2 Kf7 38. Bb6 Ra8 39. c5 Nd4 40. Bd1 Bf5 41. Re1
Bd3 42. c6 Nc2 43. Bxc2 Bxc2 44. Re3 Ke7 45. Bc5+ Kd8 46. Rg3 Bg6 47. h4 Ra6
48. Bd6 Bf7 49. Rg7 Bxd5 50. Bxe5 Rxc6 1/2-1/2